Statistics for The Maze Runner Quotes

Click here to take the quiz!

General Stats

  • This quiz has been taken 329 times
  • The average score is 8 of 9

Answer Stats

Quote Character % Correct
"Great, we're all bloody inspired."Newt
99%
"I promised I'd save him, take him home!"Thomas
99%
"If you ain't scared, you ain't human."Alby
95%
"WICKED is good,"Teresa
94%
"Be careful, don't die."Minho
94%
"Day one, Greenie, rise and shine."Gally
92%
“We've decided to give you your memories back after all. Like it or not."Rat-Man
70%
" (...) muchacho,"Jorge
62%
"And so, we have failed. But we have also succeeded."Chancellor Ava Paige
55%

Score Distribution

Percentile by Number Answered

Percent of People with Each Score

Your Score History

You have not taken this quiz